ბათუმის შოთა რუსთაველის სახელმწიფო უნივერსიტეტის ბიბლიოთეკა

Прктикум по русскому языку и культуре речи.Нормы современного русского литературного языка (ბიბ.ჩანაწერი № 35168)

000 -LEADER
fixed length control field 00865nam a2200217Ia 4500
001 - CONTROL NUMBER
control field 1012
003 - CONTROL NUMBER IDENTIFIER
control field GE_BSU
008 - FIXED-LENGTH DATA ELEMENTS--GENERAL INFORMATION
fixed length control field 181216s||||||||xx |||||||||||||| ||und||
020 ## - INTERNATIONAL STANDARD BOOK NUMBER
International Standard Book Number 589349590Х
040 ## - CATALOGING SOURCE
Transcribing agency GE_BSU
080 ## - UNIVERSAL DECIMAL CLASSIFICATION NUMBER
Universal Decimal Classification number 811.161.1
245 ## - TITLE STATEMENT
Title Прктикум по русскому языку и культуре речи.Нормы современного русского литературного языка
245 ## - TITLE STATEMENT
Remainder of title Для студ. нефилологов.Уч пос. для студ. технич.высш.уч. завед.
260 ## - PUBLICATION, DISTRIBUTION, ETC.
Place of publication, distribution, etc. Москва
260 ## - PUBLICATION, DISTRIBUTION, ETC.
Name of publisher, distributor, etc. Флинта
260 ## - PUBLICATION, DISTRIBUTION, ETC.
Date of publication, distribution, etc. 2004
300 ## - PHYSICAL DESCRIPTION
Extent 232стр.
653 ## - INDEX TERM--UNCONTROLLED
Uncontrolled term Прктикум по русскому языку и культуре речи.Нормы современного русского литературного языка
942 ## - ADDED ENTRY ELEMENTS (KOHA)
Koha item type წიგნი
ეგზემპლარები
Withdrawn status Lost status Damaged status Not for loan Date acquired Barcode Date last seen Price effective from Koha item type
        2018-12-17 1670 2018-12-17 2018-12-17 წიგნი